[Event "45th FIDE Chess Olympiad Open"]
[Site "Budapest, Hungary"]
[Date "2024.09.11"]
[Round "1.31"]
[White "Andriamasoandro, Miora"]
[Black "Donchenko, Alexander"]
[Result "0-1"]
[WhiteElo "2116"]
[BlackElo "2638"]
[PlyCount "68"]
[EventDate "2024.??.??"]
[WhiteTeam "Madagascar"]
[BlackTeam "Germany"]
[WhiteTeamCountry "MAD"]
[BlackTeamCountry "GER"]
[WhiteClock "0:03:21"]
[BlackClock "0:31:12"]

1. d4 {Sumets,Andrey} Nf6 2. c4 e6 3. Nf3 d5 4. g3 dxc4 5. Bg2 a6 6. O-O Nc6 7. e3 Bd7 8. Ne5 ({RR} 8. Qe2 Bd6 ({RR} 8... b5) 9. Qxc4 O-O 10. Rd1 ({RR} 10. Nc3 b5 11. Qb3 ({RR} 11. Qe2 b4 12. Nb1 ({RR} 12. Na4 Ne7 ({RR} 12... e5 13. dxe5 Nxe5 14. Nxe5 Bxe5 15. Rd1 ({RR} 15. Bxa8 Qxa8 16. f4 Bb5 ({RR} 16... Bd6 17. b3 Bb5 18. Qf3 Bxf1 19. Qxa8 Rxa8 20. Kxf1 Ne4) 17. Qf3 Bc6 18. Qe2 Bd6 19. b3 Qe8 20. Bb2 Bb5 21. Qd2 Bxf1 22. Rxf1 Ne4 23. Qd4 f6) 15... Qe8 16. Nc5 Bc6) 13. Qc2 Bc6 14. Nc5 Bxc5 15. Qxc5 Rb8) 12... Na5 ({RR} 12... Ne7 13. e4 Bb5 14. Qe1 Bxf1 15. Bxf1 Nd7 16. e5 a5 17. Nbd2 Nf5 18. exd6 cxd6 19. Nc4) 13. Rd1 Bb5 14. Qe1 ({RR} 14. Qc2 Rc8 15. e4 c5 16. d5 ({RR} 16. e5 cxd4 17. Qd2 Ne4 18. Qe1 Nxf2 19. Qxf2 Bc5 20. b3 Qb6 21. Kh1 d3 22. Qb2 Rfd8) 16... e5) 14... Qe8) 11... b4 12. Ne2 Na5 13. Qd1 Bb5 14. Re1 Rc8 15. b3 Qe7 16. Bb2 Rfd8 17. Qb1 Bc6 ({RR} 17... c5 18. dxc5 Bxc5 19. Ned4 ({RR} 19. Ng5 Bd3) 19... Bd7) 18. Ng5 Bxg2 19. Kxg2 h6 ({RR} 19... e5 20. Ne4 exd4 21. Nxf6+ Qxf6 22. exd4 ({RR} 22. Nxd4 Be5 23. Re2 c5 24. Nf3 Bc3 25. Bxc3 bxc3 26. Qc2 c4 27. Rc1 ({RR} 27. b4 Nc6 28. a3 Rd3) 27... cxb3 28. axb3 Qe6) ({RR} 22. Bxd4 Qe6 23. Qb2 f6 24. Qc2 c5 25. Bb2 c4) 22... Re8 23. Qd3 Qg5 24. Rac1 Qd5+ 25. Qf3 Qxf3+ 26. Kxf3 f6) 20. Ne4 Nd5 ({RR} 20... Nxe4 21. Qxe4 c5 22. dxc5 Bxc5 23. Red1 Nb7) 21. Qd3 Ra8 22. Rac1) 10... Rb8 ({RR} 10... Qe7 11. Qe2 e5 ({RR} 11... Rad8 12. e4 ({RR} 12. Nc3 e5) 12... e5 13. d5 Nd4 14. Nxd4 exd4 15. Bg5 ({RR} 15. Rxd4 Bc5 16. Rd2 Ng4) 15... h6 16. Bxf6 Qxf6 17. Nd2 Rfe8) 12. dxe5 Nxe5 ({RR} 12... Bxe5 13. Nxe5 ({RR} 13. Nc3 Bd6 14. e4 Rfe8) 13... Nxe5 14. Nc3 ({RR} 14. Bxb7 Bg4 15. f3 Rab8 16. fxg4 Rxb7) 14... Rad8 15. e4 Bg4 16. f3 Be6) 13. Nxe5 Bxe5 14. Bxb7 Rad8 ({RR} 14... Bb5 15. Qc2 Rad8 16. Nc3 Rxd1+ 17. Qxd1 Rd8 18. Qc2 Bd3 19. Qb3 Qd7 ({RR} 19... c5 20. Nd5 Nxd5 21. Bxd5) 20. Bg2 c5 21. Bd2 Rb8 22. Qa3 c4) 15. Na3 c6 ({RR} 15... Bg4 16. Bf3 ({RR} 16. f3 Rxd1+ 17. Qxd1 Rb8 18. fxg4 Rxb7 19. g5 Nd7) 16... Rxd1+ 17. Qxd1 Rd8 18. Qe2 Bxf3 19. Qxf3 Qe6) 16. Nc4 Bg4 17. f3 Rxd1+ 18. Qxd1 Rd8 19. Qe2 Bh3 20. Bxa6 Nh5 21. Nxe5 Qxe5 22. Kf2 Nf6 23. Bd2 ({RR} 23. e4 Rb8 24. Rb1) 23... Qxb2) 11. Nbd2 ({RR} 11. Nc3 e5 12. d5 ({RR} 12. dxe5 Nxe5 13. Nxe5 Bxe5 14. e4 Qe7 15. Bg5 Be6 16. Qe2 h6) 12... Ne7 13. e4 b5 14. Qe2 h6 15. b3 b4 16. Nb1 Bb5 17. Qe1 c6 ({RR} 17... a5 18. a4 Ba6 19. Bb2) 18. dxc6 Qc7 19. Bb2 ({RR} 19. a4 bxa3 20. Nxa3 Bxc6 21. Nc4 Bb4 22. Bd2 Bxd2 23. Nfxd2 Bb5) 19... Nxc6 20. Nbd2 Bc5 21. h3 Rfd8 22. Rac1 Qe7 23. Bf1 Nd4 24. Nh4 g6 25. Bxb5 Rxb5) ({RR} 11. b3 e5 ({RR} 11... b5 12. Qc2 e5 13. Bb2 ({RR} 13. dxe5 Nxe5 14. Bb2 Qe7 15. Nbd2 Rfe8 16. Nxe5 Bxe5 17. Bxe5 Qxe5 18. Rac1) 13... Qe7 14. Nbd2 ({RR} 14. dxe5) 14... Rfc8 15. a3 h6 16. Nh4 Nd8 17. Nf5 Bxf5 18. Qxf5 exd4 19. Bxd4 c5 20. Rac1 ({RR} 20. Bxf6 Qxf6 21. Qxf6 gxf6 22. Ne4 ({RR} 22. a4 Kg7 23. axb5 axb5 24. Bd5) 22... Be5 23. Rab1) 20... Qe6 21. Qxe6 Nxe6 22. Bxf6 gxf6 23. Ne4 Be7 24. Nd6 ({RR} 24. Rd7 Kf8 25. Ra7 c4 26. b4 Ra8 27. Rxa8 Rxa8 28. Nxf6 Rd8 29. Nd5) 24... Rd8 25. Nf5 Bf8 26. Bd5) 12. Bb2 Qe7 ({RR} 12... e4 13. Ne5 ({RR} 13. Nfd2 Re8 14. Nc3 Bf5 15. a3 Qd7) 13... Qe7 14. Nxd7 ({RR} 14. Nd2 Nxe5 15. dxe5 Bxe5 16. Bxe5 Qxe5 17. Nxe4 Nxe4 18. Qxe4 Qxe4 19. Bxe4 Rfd8) 14... Nxd7 15. Nd2 Nb6 16. Qe2) 13. dxe5 Nxe5 14. Nxe5 Bxe5 15. Bxe5 Qxe5 16. Nd2 ({RR} 16. Nc3 c6 17. Qd4 Qh5 18. Ne4 Nxe4 19. Qxd7 ({RR} 19. Bxe4 Be6 20. Rd2 g6 21. Rad1 Rfe8) 19... Nc3 20. Rd2 Qe5 21. Qd4 Qxd4 22. exd4) 16... Be6 17. Qc2 Bg4 18. Re1 Rfd8 19. h3 Be6 20. Nf3 Qa5 21. Nd4 Bd5 ({RR} 21... Bd7 22. Rac1 c6 23. Red1 h6) 22. e4 ({RR} 22. Red1 Bxg2 23. Kxg2 c6) 22... Bxe4 ({RR} 22... c5 23. Nf3 Be6 24. e5 Nd7 25. Ng5) 23. Rxe4 Nxe4 24. Qxe4 Qc3 25. Nc2 Rd2) 11... e5 ({RR} 11... Qe7 12. Qe2 e5 13. dxe5 Nxe5 14. Nxe5 Bxe5 15. Nc4 Rfd8 16. Qc2 ({RR} 16. Nxe5 Qxe5 17. Qc2 Bf5) 16... Bb5 17. Rxd8+ Rxd8 18. Nxe5 Qxe5 19. Bd2 Bd3 20. Qb3 Ne4) 12. dxe5 Bxe5 ({RR} 12... Nxe5 13. Nxe5 Bxe5 14. Nf3 Bd6 15. e4 Bb5 ({RR} 15... Ng4 16. h3 Ne5 17. Nxe5 Bxe5 18. f4 Bd6 19. Be3 Qc8 20. g4 Be6 21. Qc3) ({RR} 15... Qe8 16. Re1 ({RR} 16. e5 Bxe5 17. Nxe5 ({RR} 17. Re1 Be6) 17... Qxe5 18. Bf4 Qxb2 19. Qxc7 Be6 20. Qe5 Qxe5 21. Bxe5 Rbd8 22. Bxb7 Rxd1+ 23. Rxd1 Bxa2) 16... Be6 17. Qc2 Nd7 18. e5 Be7 19. Nd4) 16. Qc2 Qe7 17. e5 Bxe5 18. Re1 Nd7 19. Nxe5 Nxe5 20. Bf4 f6 21. Rac1 Rfc8 ({RR} 21... c6 22. Bxe5 fxe5 23. a4) 22. Qc3 Kh8 23. Bxe5 fxe5 24. Rxe5) 13. Qe2 ({RR} 13. Ne4 Nxe4 14. Nxe5 Nxe5 15. Qxe4 Re8 16. b3 Qf6 17. Bb2 Nf3+ 18. Bxf3 Qxb2 19. Qd4 Qxd4 20. Rxd4 Be6) 13... Qe7 14. Nc4 Rfd8 15. Bd2 ({RR} 15. Qc2 Bg4 16. Rxd8+ Rxd8 17. Bd2 Nd7 18. Nfxe5 Ndxe5 19. Nxe5 Qxe5 20. Bc3) 15... Bd4 16. Rac1 ({RR} 16. Nxd4 Nxd4 17. Qf1 Nc6 18. Be1) 16... Bf5 17. Qe1 Bc5 18. a3 b5 ({RR} 18... Ne4 19. Bc3 Rxd1 20. Rxd1 Rd8) ({RR} 18... Be4 19. Bc3 Ba7 ({RR} 19... h6 20. Ncd2 Bh7 21. Bxf6) 20. b4 h6 21. Bb2 Qe6) 19. Na5 Nxa5 20. Bxa5 Be4 21. Qc3 ({RR} 21. Rxd8+ Rxd8 22. Qc3 Bd6 23. Nd4 Nd5 24. Qc6 Bxg2 25. Kxg2 Be5 26. Rd1) ({RR} 21. Nd4 Bxg2 ({RR} 21... Bxd4 22. exd4 Rd7 23. f3 Bd5 24. Qxe7 Rxe7 25. Rxc7) 22. Kxg2 Rbc8 23. Bb4 Bxb4 24. axb4) 21... Rxd1+ 22. Rxd1 Re8 {Gelfand,B (2751)-Wang,H (2737) Tashkent 2012 CBM 152 [Sumets,Andrey] ½-½ (42)}) 8... Nxe5 ({RR} 8... Be7 9. Nxc6 Bxc6 10. Bxc6+ bxc6 11. Qa4 Qd7 12. Qxc4 Qd5 13. Qc2 O-O 14. Rd1 Rad8 15. Nc3 Qh5 16. Qe2 Qxe2 17. Nxe2 c5 18. Bd2 Rd7 19. Ba5 Rb8 20. b3 Rb5 21. Be1 cxd4 22. Rxd4 Rbd5 23. Kg2 {Szuba,J (1709)-Cantarino Neto,M (1944) Florianopolis BRA 2024 1-0 (45)}) 9. dxe5 Nd5 10. a3 $146 ({RR} 10. Nc3 Nxc3 11. bxc3 c6 12. a4 Qc7 13. Qd4 Rd8 14. f4 Be7 15. a5 c5 16. Qe4 Bc6 17. Qc2 Rd3 18. Rd1 Bxg2 19. Kxg2 Qd7 20. Rxd3 cxd3 21. Qa4 c4 22. Kf3 Qb5 23. Bd2 Kd7 24. Qa2 f5 {Voiteanu,C (2250)-Vioreanu,B (2408) Mamaia 2013 0-1 (37)}) ({RR} 10. a4 Bc6 11. Qg4 Nb4 12. Rd1 Qe7 13. Qxc4 Qc5 14. Qxc5 Bxc5 15. Nc3 O-O 16. Bxc6 Nxc6 17. Ne4 Bb6 18. f4 Rad8 19. Bd2 Rd3 20. Kf2 Rfd8 21. Ke2 a5 22. Nf2 R3d5 23. Bc3 Ne7 24. Rxd5 Rxd5 {Mlynek,P (2190)-Vyskocil,N (2305) Brno 2004 ½-½ (33)}) ({RR} 10. Bxd5 exd5 11. Qxd5 Be6 12. Qf3 Be7 13. Nc3 c6 14. Ne2 Qc7 15. Qe4 Bd5 16. Qf4 O-O 17. e4 Be6 18. Nd4 Bh3 19. Re1 Rad8 20. Nf5 Bb4 21. Qg5 Bxf5 22. exf5 f6 23. exf6 Bxe1 24. Bf4 Bxf2+ {Nguyen,D (2361)-Morefield,J (2300) Chess.com INT 2019 0-1 (58)}) 10... b5 11. Nd2 Be7 12. Ne4 Bc6 13. Qg4 O-O 14. Rd1 Qc8 15. Rd4 Bb7 16. Qh5 f6 17. exf6 Nxf6 18. Qe5 c5 19. Bh3 Kh8 20. Bxe6 Qc6 21. Rd2 Qxe4 22. Qxe4 Bxe4 23. Rd1 Rad8 24. Re1 Bf3 25. e4 Nxe4 26. Be3 Ng5 27. Bf4 Nxe6 28. Rxe6 Bf6 29. Rb1 a5 30. Re3 Rd1+ 31. Rxd1 Bxd1 32. Bd6 Rc8 33. Re1 Bh5 34. h3 Bxb2 0-1

[Event "45th FIDE Chess Olympiad Open"]
[Site "Budapest, Hungary"]
[Date "2024.09.11"]
[Round "1.32"]
[White "Svane, Frederik"]
[Black "Rakotomaharavo, Dylan"]
[Result "1-0"]
[WhiteElo "2640"]
[BlackElo "2078"]
[PlyCount "169"]
[EventDate "2024.??.??"]
[WhiteTeam "Germany"]
[BlackTeam "Madagascar"]
[WhiteTeamCountry "GER"]
[BlackTeamCountry "MAD"]
[WhiteClock "0:02:30"]
[BlackClock "0:43:26"]

1. e4 c5 2. Nf3 e6 3. d4 cxd4 4. Nxd4 Nf6 5. Nc3 Nc6 6. a3 Be7 7. Nxc6 dxc6 ({RR} 7... bxc6 8. e5 Nd5 9. Qg4 Kf8 10. Bd2 h5 11. Qe4 Rb8 12. b3 f5 13. exf6 Bxf6 14. Qf3 Kg8 15. Rd1 Nxc3 16. Bxc3 d5 17. Be2 e5 18. Qe3 Qb6 19. Qd2 Bf5 20. O-O h4 21. h3 Kh7 22. Rfe1 {Caruana,F (2820)-Rapport,R (2763) Paris 2021 ½-½ (74)}) ({RR} 7... bxc6 8. e5 Nd5 9. Qg4 g6 10. Qg3 Qa5 11. Bd2 Bb4 12. Ne4 Bxd2+ 13. Nxd2 Rb8 14. c3 Ba6 15. b4 Qa4 16. Bd3 Bxd3 17. Qxd3 Qb5 18. c4 Nxb4 19. axb4 Qxe5+ 20. Qe4 {0-1 (20) Goetten Wagner,J (1658)-Altenhofen,G (1425) Florianopolis BRA 2024}) 8. Qxd8+ Bxd8 9. Bf4 $146 ({RR} 9. e5 Ng4 10. f4 Bb6 11. Ne4 O-O 12. Be2 Ne3 13. Bxe3 Bxe3 14. Rf1 b5 15. Rf3 Bb6 16. O-O-O a5 17. c4 c5 18. Rg3 b4 19. a4 Kh8 20. Nd6 Bd7 21. b3 Bc6 22. Bf3 Bxf3 23. Rxf3 f6 {Rahal,M (2400)-Petrossian,A (2380) France 2003 1-0 (57)}) ({RR} 9. e5 Nd5 10. Ne4 O-O 11. c4 Nb6 12. Be3 Bc7 13. f4 Bd7 14. O-O-O Rfd8 15. Nc5 Bc8 16. Rxd8+ Bxd8 17. Be2 Be7 18. Rd1 Kf8 19. Ne4 Nd7 20. h4 b6 21. Bf3 Ke8 22. Ng5 Bb7 23. Nxf7 Nc5 {Hamdouchi,H (2562)-Dardha,A (2286) Paris 2019 1-0 (41)}) ({RR} 9. e5 Ng4 10. f4 Bb6 11. Ne4 f5 12. exf6 Nxf6 13. Nxf6+ gxf6 14. Bd2 Bd7 15. O-O-O O-O-O 16. Be2 h5 17. Rhf1 h4 18. Bc3 Rh6 19. Kb1 Bc7 20. Bd2 Rg6 21. Bf3 e5 22. fxe5 Bxe5 23. h3 Be6 {Melia,S (2384)-Zaksaite,S (2212) Chennai 2022 1-0 (42)}) 9... Nd7 10. Bd6 e5 11. Bc4 Be7 12. O-O-O Bxd6 13. Rxd6 Ke7 14. Rhd1 Nb6 15. Ba2 Bg4 16. f3 Be6 17. Bxe6 fxe6 18. R6d3 Rad8 19. a4 Rxd3 20. Rxd3 Rd8 21. Rxd8 Kxd8 22. b3 Nd7 23. Kd2 Ke7 24. Nd1 Kd6 25. Kc3 b6 26. Nb2 a6 27. h4 Kc7 28. Nd3 Kd6 29. Kc4 Kc7 30. b4 Kd6 31. Kb3 Kc7 32. Kc3 Kd6 33. Kb3 Kc7 34. Nb2 Kd6 35. a5 b5 36. c4 Kc7 37. Nd3 Kd6 38. Kc3 Kc7 39. Kb3 Kd6 40. Kc3 Kc7 41. c5 Kd8 42. Kd2 Ke7 43. Ke3 Kf6 44. Kf2 h6 45. Kg3 g5 46. Nf2 Kg6 47. Ng4 Kh5 48. hxg5 hxg5 49. Kf2 Kg6 50. Ke3 Kh5 51. g3 Kg6 52. f4 exf4+ 53. gxf4 e5 54. fxg5 Kxg5 55. Kf3 Kg6 56. Kg2 Kh5 57. Kh3 Kg5 58. Kg3 Kh5 59. Ne3 Kg5 60. Nf5 Kh5 61. Nd6 Kg5 62. Ne8 Kh5 63. Kf3 Kg5 64. Nc7 Nb8 65. Kg3 Kh5 66. Kf2 Kg4 67. Ke3 Kg5 68. Kf3 Kh5 69. Ne6 Kh4 70. Nf8 Kh5 71. Ne6 Kh4 72. Nd8 Kh5 73. Nf7 Nd7 74. Kg3 Kg6 75. Nd8 Nb8 76. Kh4 Kf6 77. Kg4 Kg6 78. Nb7 Nd7 79. Nd6 Nf6+ 80. Kf3 Nd7 81. Nxb5 Kf6 82. Nd6 Ke6 83. Ne8 Ke7 84. Nc7 Nb8 85. Kg4 1-0

[Event "45th FIDE Chess Olympiad Open"]
[Site "Budapest, Hungary"]
[Date "2024.09.11"]
[Round "1.33"]
[White "Vitiugov, Nikita"]
[Black "Bai, Adelard"]
[Result "1-0"]
[WhiteElo "2676"]
[BlackElo "2378"]
[PlyCount "83"]
[EventDate "2024.??.??"]
[WhiteTeam "England"]
[BlackTeam "Chinese Taipei"]
[WhiteTeamCountry "ENG"]
[WhiteClock "1:30:30"]
[BlackClock "1:30:30"]

1. e4 e5 2. Nf3 Nc6 3. Bb5 a6 4. Ba4 d6 5. O-O Bd7 6. c4 g6 7. d4 Bg7 8. Bxc6 Bxc6 9. dxe5 dxe5 10. Qc2 Ne7 11. Nc3 O-O 12. Be3 $146 ({RR} 12. a4 Qc8 13. Be3 a5 14. Bc5 Re8 15. Nd5 Nxd5 16. cxd5 Bd7 17. Rfd1 Bg4 18. Rd3 Bh6 19. Nd2 Be2 20. Rc3 Qd8 21. Be3 Bxe3 22. Rxe3 Ba6 23. Nb3 b6 24. Rc1 Rc8 25. Rc3 Qg5 26. Qd2 Qd8 {Thornton,J (2080)-James,G (2163) Dresden 2018 ½-½ (43)}) ({RR} 12. Bg5 h6 13. Rad1 Qe8 14. Bxe7 Qxe7 15. Rfe1 g5 16. Nd5 Bxd5 17. exd5 g4 18. Nd4 Qg5 19. Nf5 Rfe8 20. Qe4 Qf4 21. Rd3 Bf8 22. Rde3 Qg5 23. h4 Qg6 24. h5 Qxh5 25. Rg3 Kh8 26. Rxg4 Bb4 {Garmendia Vega,G (1987)-Valencia Quinchia,I (1827) Medellin COL 2024 1-0}) ({RR} 12. Rd1 Qc8 13. Be3 Re8 14. Nd5 Nxd5 15. cxd5 Bd7 16. Rac1 c6 17. Bb6 Bg4 18. Qb3 a5 19. a4 h6 20. h3 Bd7 21. Nd2 Ra6 22. Nc4 Bf8 23. Bxa5 Qa8 24. Nb6 Rxb6 25. Bxb6 cxd5 26. Qxd5 Bc6 {Lagno,K (2547)-Vaishali,R (2442) Chess.com INT 2022 1-0 (33)}) 12... Qc8 13. b4 Bd7 14. a4 Bg4 15. Nd2 Nc6 16. Nd5 Re8 17. Qb2 Nd4 18. f3 Be6 19. Nb3 Nxb3 20. Qxb3 Bxd5 21. cxd5 Qd7 22. Rac1 c6 23. Rfd1 cxd5 24. Qxd5 Qxd5 25. exd5 Re7 26. Bb6 Rd7 27. Rc7 Rad8 28. Rxb7 Rxb7 29. Bxd8 Kf8 30. Ba5 Ke7 31. Rc1 Kd6 32. Rc6+ Kxd5 33. Rxa6 f5 34. b5 e4 35. Kf1 Bd4 36. Ra8 Kc4 37. fxe4 fxe4 38. Ke2 Ra7 39. Rxa7 Bxa7 40. Bc7 Kc5 41. Ke3 Kd5+ 42. b6 1-0

[Event "45th FIDE Chess Olympiad Open"]
[Site "Budapest, Hungary"]
[Date "2024.09.11"]
[Round "1.34"]
[White "Song, Raymond"]
[Black "Howell, David W L"]
[Result "1/2-1/2"]
[WhiteElo "2503"]
[BlackElo "2677"]
[PlyCount "65"]
[EventDate "2024.??.??"]
[WhiteTeam "Chinese Taipei"]
[BlackTeam "England"]
[BlackTeamCountry "ENG"]
[WhiteClock "0:50:19"]
[BlackClock "0:01:28"]

1. e4 c6 2. d4 d5 3. Nd2 dxe4 4. Nxe4 Bf5 5. Ng3 Bg6 6. h4 h6 7. Nf3 e6 8. Ne5 Bh7 9. Bd3 Bxd3 10. Qxd3 Nd7 11. Qe2 Ngf6 12. O-O ({RR} 12. Bd2 c5 13. Nxd7 Qxd7 14. dxc5 Bxc5 15. O-O-O Qa4 16. Bc3 O-O 17. Bxf6 Qf4+ 18. Kb1 Qxf6 19. Nh5 Qe7 20. Qe5 f6 21. Qe2 Rfd8 22. Nf4 e5 23. Ng6 Qf7 24. h5 Rd5 25. Rxd5 Qxd5 26. Rd1 Qe6 {Nepomniachtchi,I (2782)-Socko,B (2642) Warsaw 2021 1-0 (46)}) 12... Be7 13. Rd1 Qc7 $146 ({RR} 13... O-O 14. c4 Re8 15. Bf4 Bf8 16. Rd3 Qe7 17. Rb3 Nb6 18. a4 Nc8 19. Nh5 Nd6 20. Rd1 Nxh5 21. Qxh5 Rad8 22. g3 g6 23. Qe2 Bg7 24. Rbd3 Nf5 25. Qe4 Nd6 26. Qe2 Nf5 27. Qd2 Kh7 28. Qa5 {Rorrer,G (2388)-Novik,M (2408) New York USA 2024 ½-½ (33)}) ({RR} 13... O-O 14. c4 Qa5 15. Bf4 Rad8 16. Rd3 Nxe5 17. dxe5 Nh7 18. Ne4 Rxd3 19. Qxd3 Bxh4 20. Nd6 Qb6 21. Qe2 Rd8 22. Be3 Qc7 23. Qh5 Bg5 24. f4 g6 25. Qf3 Be7 26. c5 b6 27. b4 bxc5 28. bxc5 {Lei,T (2554)-Ju,W (2564) Shanghai/Chongqing CHN 2023 ½-½ (65)}) ({RR} 13... O-O 14. Rd3 Qc7 15. c4 c5 16. Bf4 cxd4 17. Ng6 Bd6 18. Bxd6 Qxd6 19. Nxf8 Ne5 20. Nxe6 Nxd3 21. Nxg7 Nc5 22. N7f5 Qf4 23. Rd1 Re8 24. Qf3 Qxf3 25. gxf3 Ne6 26. Nxh6+ Kf8 27. Ng4 Ng8 28. h5 {Li Chao2 (2645)-Xie,K (2376) Fuling CHN 2024 1-0 (39)}) 14. Nxd7 Qxd7 15. c4 O-O 16. Bf4 Bd6 17. Be5 Qe7 18. Rd3 Rfd8 19. Rad1 Rd7 20. h5 Rad8 21. b3 Bxe5 22. dxe5 Rxd3 23. Rxd3 Rxd3 24. Qxd3 Ng4 25. Qd4 Qg5 26. Qxa7 Qxe5 27. Nf1 Qb2 28. Qb8+ Kh7 29. Qf4 f5 30. Qd2 Qa1 31. g3 Nf6 32. Qe2 Ne4 33. Kg2 1/2-1/2

[Event "45th FIDE Chess Olympiad Open"]
[Site "Budapest, Hungary"]
[Date "2024.09.13"]
[Round "1.35"]
[White "Adams, Michael"]
[Black "Yang, Ching Wei Austin"]
[Result "1-0"]
[WhiteElo "2661"]
[BlackElo "2121"]
[PlyCount "81"]
[EventDate "2024.??.??"]
[WhiteTeam "England"]
[BlackTeam "Chinese Taipei"]
[WhiteTeamCountry "ENG"]
[WhiteClock "0:08:43"]
[BlackClock "0:00:31"]

1. e4 e5 2. Nf3 Nc6 3. Bb5 a6 4. Ba4 Nf6 5. O-O Be7 6. d3 b5 7. Bb3 d6 8. c3 O-O 9. h3 Na5 10. Bc2 c5 11. d4 Qc7 12. d5 c4 13. b4 cxb3 14. axb3 Nb7 15. b4 $146 ({RR} 15. Bd2 Nc5 16. Qe2 g6 17. b4 Ncd7 18. Na3 Nb6 19. Bd3 Bd7 20. c4 bxc4 21. Nxc4 Nxc4 22. Bxc4 Bb5 23. Bxb5 axb5 24. Rxa8 Rxa8 25. Rc1 Qb7 26. Bg5 Ra4 27. Qc2 Rxb4 28. Qc6 Qb8 29. Nxe5 Rxe4 {Cieslak,P (2369)-Haring,F (2483) Budapest HUN 2024 0-1 (55)}) 15... Nd7 16. Be3 Nb6 17. Nbd2 f5 18. exf5 Bxf5 19. Bxf5 Rxf5 20. Qc2 Rff8 21. Qd3 Rfc8 22. Ra2 Na4 23. Rc2 a5 24. Rfc1 Qd7 25. Ne4 g6 26. Bg5 Bxg5 27. Nfxg5 Rf8 28. Ne6 Rf7 29. c4 axb4 30. cxb5 Nac5 31. N4xc5 Nxc5 32. Nxc5 dxc5 33. Rxc5 Ra3 34. Qe4 Qf5 35. Qxf5 gxf5 36. b6 b3 37. Rb5 Rb7 38. Rc8+ Kf7 39. d6 Ke6 40. Rc7 Rb8 41. d7 1-0

[Event "45th FIDE Chess Olympiad Open"]
[Site "Budapest, Hungary"]
[Date "2024.09.11"]
[Round "1.36"]
[White "Wang, Ting-Hao"]
[Black "McShane, Luke J"]
[Result "0-1"]
[WhiteElo "1842"]
[BlackElo "2611"]
[PlyCount "58"]
[EventDate "2024.??.??"]
[WhiteTeam "Chinese Taipei"]
[BlackTeam "England"]
[BlackTeamCountry "ENG"]
[WhiteClock "0:03:09"]
[BlackClock "0:59:17"]

1. e4 e5 2. Nf3 Nc6 3. d4 exd4 4. Nxd4 Bb4+ 5. c3 Be7 6. Nxc6 bxc6 7. Bc4 Nf6 8. e5 Nd5 9. Bxd5 cxd5 10. Qxd5 Ba6 11. c4 c6 12. Qd4 O-O 13. O-O d6 14. exd6 Bxd6 15. Be3 $146 ({RR} 15. Bf4 Be7 16. Qe4 Bf6 17. Nc3 Qb6 18. Na4 Qb4 19. Qxc6 Bxc4 20. Bd6 Qb5 21. Qxb5 Bxb5 22. Bxf8 Rxf8 23. b3 {½-½ (23) Medvegy,Z (2430)-Hecht,H (2428) Austria 2001}) 15... Qb8 16. Nc3 Bxh2+ 17. Kh1 Be5 18. Qc5 Re8 19. Rae1 Bxc3 20. Rd1 Bxb2 21. Rd6 Be5 22. Rd7 Bc8 23. Rd2 Be6 24. f4 Bf6 25. f5 Bxc4 26. Qxc4 Rxe3 27. Qxc6 h5 28. Rd7 Qe8 29. Qd5 Re1 0-1

[Event "45th FIDE Chess Olympiad Open"]
[Site "Budapest, Hungary"]
[Date "2024.09.11"]
[Round "1.37"]
[White "Maghsoodloo, Parham"]
[Black "Tan, Jun Ying"]
[Result "1-0"]
[WhiteElo "2723"]
[BlackElo "2322"]
[PlyCount "79"]
[EventDate "2024.??.??"]
[WhiteTeam "Iran"]
[BlackTeam "Malaysia"]
[WhiteTeamCountry "IRI"]
[BlackTeamCountry "MAS"]
[WhiteClock "0:49:00"]
[BlackClock "0:00:37"]

1. Nf3 d5 2. g3 Nd7 3. d4 Nb6 4. Nc3 Nf6 5. Bg2 g6 6. a4 a5 7. b3 Bg7 8. Ba3 O-O 9. O-O c6 $146 ({RR} 9... Re8 10. e3 c6 11. Ne5 h5 12. Qe2 Bf5 13. h3 Qc8 14. Kh2 Nbd7 15. f4 c5 16. Nxd5 Nxe5 17. fxe5 Nxd5 18. Bxd5 cxd4 19. exd4 e6 20. Bc4 Rd8 21. Rad1 Qc6 22. Bd6 Rac8 23. c3 Be4 24. Qf2 {Kobo,O (2554)-Svane,F (2568) chess.com INT 2022 1-0 (49)}) ({RR} 9... Re8 10. e3 c6 11. Qe2 Bg4 12. Qd3 Bf5 13. Qe2 Bg4 14. Qd3 Bf5 15. Qd2 Ne4 16. Nxe4 Bxe4 17. Rad1 h6 18. Qc1 Rc8 19. Rfe1 e6 20. Bb2 Qf6 21. Ne5 Bxg2 22. Kxg2 Qe7 23. Nd3 Nd7 24. c4 {Svane,R (2635)-Ward,N (2211) chess.com INT 2024 1-0 (39)}) ({RR} 9... Re8 10. e3 Bg4 11. h3 Bxf3 12. Bxf3 c6 13. Ne2 e5 14. Bb2 e4 15. Bg2 h5 16. Rc1 Bf8 17. c4 h4 18. g4 Nh7 19. cxd5 cxd5 20. Nc3 Ng5 21. Nb5 Rc8 22. Qe2 Qd7 23. Na7 Rxc1 24. Rxc1 {Svane,R (2619)-Kosakowski,J (2475) chess.com INT 2022 1-0 (44)}) 10. h3 Re8 11. e3 Bf5 12. Rc1 Ne4 13. Ne2 Nd6 14. Nd2 Ne4 15. Nxe4 Bxe4 16. f3 Bf5 17. e4 Be6 18. Qd3 Bh6 19. Rcd1 f6 20. g4 Qd7 21. Qc3 Bf7 22. e5 f5 23. Qe1 e6 24. h4 Bf8 25. Bc1 Qd8 26. h5 Bg7 27. Qg3 fxg4 28. fxg4 gxh5 29. Rxf7 Kxf7 30. Rf1+ Kg8 31. gxh5 Kh8 32. Bg5 Qc7 33. h6 Bxh6 34. Bxh6 Rg8 35. Bg5 Raf8 36. Rxf8 Rxf8 37. Nf4 Qg7 38. Nxe6 Qg6 39. Nxf8 Qxc2 40. Bf6# 1-0

[Event "45th FIDE Chess Olympiad Open"]
[Site "Budapest, Hungary"]
[Date "2024.09.11"]
[Round "1.38"]
[White "Wong, Jianwen"]
[Black "Daneshvar, Bardiya"]
[Result "0-1"]
[WhiteElo "2231"]
[BlackElo "2598"]
[PlyCount "78"]
[EventDate "2024.??.??"]
[WhiteTeam "Malaysia"]
[BlackTeam "Iran"]
[WhiteTeamCountry "MAS"]
[BlackTeamCountry "IRI"]
[WhiteClock "0:01:36"]
[BlackClock "0:30:00"]

1. c4 g6 2. g3 Bg7 3. Bg2 e6 4. Nf3 d5 5. O-O Ne7 6. d4 O-O 7. h4 $146 ({RR} 7. Nc3 c6 8. Qb3 Nd7 9. Rd1 f5 10. Bf4 h6 11. h4 Kh7 12. Qc2 Ng8 13. b4 Nb6 14. c5 Nc4 15. Ne5 g5 16. Nxc4 gxf4 17. Nd6 Nf6 18. e3 fxe3 19. fxe3 Rg8 20. e4 Nxe4 21. Ncxe4 dxe4 {Kushnir,A-Konopleva,N Beltsy 1970 0-1 (39)}) ({RR} 7. Nc3 Nd7 8. e4 dxc4 9. Qe2 c5 10. dxc5 Nxc5 11. Qxc4 b6 12. Rd1 Ba6 13. Rxd8 Bxc4 14. Rxa8 Rxa8 15. Bg5 Nc6 16. Nd2 Ba6 17. e5 Rc8 18. f4 Nd4 19. Nde4 Ne2+ 20. Nxe2 Nxe4 21. Nd4 Nxg5 {Andreikin,D (2713)-Rakhmanov,A (2602) Khanty-Mansiysk 2013 0-1 (61)}) ({RR} 7. Nc3 Nd7 8. cxd5 exd5 9. Bf4 c6 10. b4 a6 11. a4 Nf5 12. e3 Re8 13. b5 a5 14. Rb1 Nf8 15. g4 Nd6 16. Ne5 f6 17. Nxc6 bxc6 18. bxc6 Ne4 19. Nxe4 dxe4 20. Rb8 Ra7 21. d5 f5 {Gorshtein,I (2447)-Manor,I (2459) Israel 2022 1-0}) ({RR} 7. Nc3 c6 8. Qd3 Nf5 9. Rd1 Nd7 10. Bf4 b6 11. e4 dxe4 12. Nxe4 a5 13. Nd6 Nxd6 14. Bxd6 Re8 15. Ne5 Nxe5 16. dxe5 Bb7 17. Qe3 Ra6 18. c5 b5 19. Bf8 Bxf8 20. Rxd8 Rxd8 21. h4 Raa8 {Schmitzer,H-Ungnad,R Voelklingen 1970 ½-½ (41)}) ({RR} 7. Nbd2 Nf5 8. e3 a5 9. b3 b6 10. Ba3 Re8 11. Rc1 c6 12. Qc2 b5 13. Rfd1 b4 14. Bb2 Ne7 15. e4 Nd7 16. a3 Bb7 17. Ra1 Qb6 18. Ne5 Nxe5 19. dxe5 bxa3 20. Rxa3 Red8 21. Raa1 Rd7 {Pribyl,J (2485)-Nei,I Tallinn 1977 ½-½ (43)}) 7... h6 8. Bf4 Nbc6 9. Qc1 Nf5 10. Nc3 dxc4 11. Rd1 Qe7 12. e4 Nfxd4 13. Nxd4 Nxd4 14. e5 c5 15. Re1 Kh7 16. Ne4 Bd7 17. Nd6 b5 18. b3 Bc6 19. Bxc6 Nxc6 20. Nxb5 cxb3 21. axb3 a6 22. Nd6 Nd4 23. Qd1 f6 24. exf6 Rxf6 25. Ne4 Rxf4 26. gxf4 Qxh4 27. Rc1 Qxf4 28. Re3 Be5 29. Ng3 Rf8 30. Qe1 Bg7 31. Kg2 Qg5 32. Qh1 Qd5+ 33. Ne4 Nxb3 34. Rxb3 Qxb3 35. Rxc5 Qf3+ 36. Kg1 Qg4+ 37. Qg2 Rf4 38. Qxg4 Rxg4+ 39. Ng3 Rxg3+ 0-1